Managing Cultural Diversity In Internationalization Of Business- A Study/ (Record no. 198560)

MARC details
000 -LEADER
fixed length control field 00463nam a22001457a 4500
010 ## - LCCN (DPL NO)
LC control number ENG-138249
020 ## - INTERNATIONAL STANDARD BOOK NUMBER
Terms of availability 200.00
035 ## - SYSTEM CONTROL NUMBER
System control number EN-121781
082 ## - DEWEY DECIMAL CLASSIFICATION NUMBER
Classification number 338.88
100 ## - MAIN ENTRY--PERSONAL NAME
Personal name Sethi, Ranbir Singh
245 ## - TITLE STATEMENT
Title Managing Cultural Diversity In Internationalization Of Business- A Study/
Statement of responsibility, etc Rajbir Singh Sethi
260 ## - PUBLICATION, DISTRIBUTION, ETC. (IMPRINT)
Place of publication, distribution, etc New Delhi
Name of publisher, distributor, etc Mehram Publications Pvt. Ltd.
Date of publication, distribution, etc 2010
300 ## - PHYSICAL DESCRIPTION
Extent 112p.
Dimensions 22cm(hbk)
942 ## - ADDED ENTRY ELEMENTS (KOHA)
Source of classification or shelving scheme Dewey Decimal Classification
Classification part 338.88
Call number suffix Set
Item type English Books
Holdings
Withdrawn status Lost status Not for loan Collection code Home library Current library Date acquired Source of acquisition Cost, normal purchase price Full call number Barcode Copy number Cost, replacement price Koha item type
      Non-fiction Patel Nagar Patel Nagar 26/09/2023 DBAD 200.00 338.88 SET EN-121781 1 200.00 English Books

© Delhi Public Library
Hit Counter
free hit counter